<?xml version="1.0" encoding="UTF-8"?><?xml-stylesheet type="text/xsl" href="static/style.xsl"?><OAI-PMH xmlns="http://www.openarchives.org/OAI/2.0/" xmlns:xsi="http://www.w3.org/2001/XMLSchema-instance" xsi:schemaLocation="http://www.openarchives.org/OAI/2.0/ http://www.openarchives.org/OAI/2.0/OAI-PMH.xsd"><responseDate>2026-06-01T10:35:08Z</responseDate><request verb="GetRecord" identifier="oai:riuma.uma.es:10630/26906" metadataPrefix="marc">https://riuma.uma.es/rest/oai/request</request><GetRecord><record><header><identifier>oai:riuma.uma.es:10630/26906</identifier><datestamp>2026-02-03T12:53:28Z</datestamp><setSpec>com_10630_25813</setSpec><setSpec>com_10630_3139</setSpec><setSpec>com_10630_10</setSpec><setSpec>col_10630_25851</setSpec></header><metadata><record xmlns="http://www.loc.gov/MARC21/slim" xmlns:dcterms="http://purl.org/dc/terms/" xmlns:doc="http://www.lyncode.com/xoai" xmlns:xsi="http://www.w3.org/2001/XMLSchema-instance" xsi:schemaLocation="http://www.loc.gov/MARC21/slim http://www.loc.gov/standards/marcxml/schema/MARC21slim.xsd">
   <leader>00925njm 22002777a 4500</leader>
   <datafield ind2=" " ind1=" " tag="042">
      <subfield code="a">dc</subfield>
   </datafield>
   <datafield ind2=" " ind1=" " tag="720">
      <subfield code="a">Grijalva Eternod, Áurea Esther</subfield>
      <subfield code="e">author</subfield>
   </datafield>
   <datafield ind2=" " ind1=" " tag="720">
      <subfield code="a">Millán López, Andrés Jerson</subfield>
      <subfield code="e">author</subfield>
   </datafield>
   <datafield ind2=" " ind1=" " tag="260">
      <subfield code="c">2020-11-12</subfield>
   </datafield>
   <datafield ind2=" " ind1=" " tag="520">
      <subfield code="a">En el presente trabajo se discuten algunos resultados de la evaluación del Programa de Centros Comunitarios “Colmenas” del Gobierno de Zapopan que tenía como fin dotar de espacio público a comunidades marginadas del municipio. Si bien el objetivo de estos centros era aumentar la cohesión de las comunidades, el diseño del inmueble siguió los principios de prevención del delito y la violencia basados en el diseño urbano. Por lo anterior, en este trabajo se han analizado los efectos observados de estos centros en indicadores de miedo al delito. Los resultados muestran que las principales beneficiadas de intervenciones en las que se generan espacios públicos de calidad son las mujeres y que posiblemente esta sea una de las vías más prometedoras cuando se trata de diseñar estrategias de prevención social de la violencia.</subfield>
   </datafield>
   <datafield ind1="8" ind2=" " tag="024">
      <subfield code="a">GRIJALVA ETERNOD , ÁUREA E., &amp; MILLÁN LÓPEZ, A. J. (2020). Mejora del espacio público y reducción del miedo al delito desde una perspectiva de género. El caso de la «Colmena Miramar» en Zapopan, Jalisco. Boletín Criminológico, (26). https://doi.org/10.24310/Boletin-criminologico.2020.v26i2020.10662 Registrarse</subfield>
   </datafield>
   <datafield ind1="8" ind2=" " tag="024">
      <subfield code="a">https://hdl.handle.net/10630/26906</subfield>
   </datafield>
   <datafield ind1="8" ind2=" " tag="024">
      <subfield code="a">https://doi.org/10.24310/Boletin-criminologico.2020.v26i2020.10662</subfield>
   </datafield>
   <datafield tag="653" ind2=" " ind1=" ">
      <subfield code="a">Delincuencia - Prevención - México</subfield>
   </datafield>
   <datafield ind2="0" ind1="0" tag="245">
      <subfield code="a">Mejora del espacio público y reducción del miedo al delito desde una perspectiva de género. El caso de la «Colmena Miramar» en Zapopan, Jalisco.</subfield>
   </datafield>
</record>
</metadata></record></GetRecord></OAI-PMH>